[Event "TCh-TUR 2011"]
[Site "Konya TUR"]
[Date "2011.07.02"]
[Round "6"]
[White "Keler, Faruk"]
[Black "Erdogan, Hakan"]
[Result "1-0"]
[BlackTitle "FM"]
[WhiteElo "2231"]
[BlackElo "2235"]
[WhiteTeam "Deniz Genclik S.K."]
[BlackTeam "Istanbul Teknik Universitesi S.K."]
[WhiteFideId "6302734"]
[BlackFideId "6300359"]
[EventDate "2011.06.28"]

1. e4 c5 2. Nf3 d6 3. d4 cxd4 4. Qxd4 Nc6 5. Bb5 Bd7 6. Bxc6 bxc6 7. O-O e5 8.
Qd3 Nf6 9. c4 Qc7 10. Nc3 a5 11. Rd1 h6 12. Nh4 g6 13. Nf3 Be7 14. h3 Be6 15.
Be3 Kf8 16. Rac1 Kg7 17. Nd2 a4 18. Nd5 Nh5 19. f4 Bxd5 20. cxd5 Nxf4 21. Bxf4
exf4 22. Rxc6 Qa7+ 23. Kh1 a3 24. b3 Rac8 25. Ra6 Qe3 26. Nc4 Qxd3 27. Rxd3 Rhe8
28. Rf3 g5 29. g3 fxg3 30. Kg2 Bf6 31. Rxd6 Be5 32. Rd7 Bf4 33. e5 Rxc4 34. bxc4
Rxe5 35. Kf1 Re4 36. Rc3 Rd4 37. Rc2 h5 38. c5 h4 39. c6 g4 40. Kg2 Rd1 41. c7
gxh3+ 42. Kxh3 Rh1+ 43. Kg4 g2 44. Rxg2 h3 45. Rc2 Bxc7 46. Rcxc7 h2 47. Kg3 1-0

[Event "TCh-TUR 2011"]
[Site "Konya TUR"]
[Date "2011.07.02"]
[Round "6"]
[White "Kinsiz, Onur"]
[Black "Dogantug, Ismail"]
[Result "1-0"]
[WhiteElo "2184"]
[BlackElo "2218"]
[WhiteTeam "Istanbul Teknik Universitesi S.K."]
[BlackTeam "Deniz Genclik S.K."]
[WhiteFideId "6301517"]
[BlackFideId "6300430"]
[EventDate "2011.06.28"]

1. e4 c5 2. Nf3 a6 3. c4 e6 4. d4 cxd4 5. Nxd4 Nf6 6. Nc3 Qc7 7. Bd3 Nc6 8. Be3
Ne5 9. h3 Nxc4 10. Bxc4 Qxc4 11. Rc1 Qb4 12. O-O d6 13. a3 Qa5 14. b4 Qd8 15.
Ncb5 axb5 16. Nxb5 Bd7 17. Nc7+ Ke7 18. e5 Ne4 19. exd6+ Nxd6 20. Nxa8 Qxa8 21.
Bc5 Qb8 22. Bxd6+ 1-0

[Event "TCh-TUR 2011"]
[Site "Konya TUR"]
[Date "2011.07.02"]
[Round "6"]
[White "Yilmaz, Mustafa"]
[Black "Topak, Engin"]
[Result "1/2-1/2"]
[WhiteTitle "IM"]
[BlackTitle "FM"]
[WhiteElo "2489"]
[BlackElo "2306"]
[WhiteTeam "Istanbul Teknik Universitesi S.K."]
[BlackTeam "Deniz Genclik S.K."]
[WhiteFideId "6302718"]
[BlackFideId "6300324"]
[EventDate "2011.06.28"]

1. e4 Nf6 2. e5 Nd5 3. d4 d6 4. Nf3 Bg4 5. Be2 c6 6. O-O Bxf3 7. Bxf3 dxe5 8.
dxe5 e6 9. Re1 Nd7 10. Nd2 Qc7 11. Nc4 b5 12. Bxd5 cxd5 13. Nd6+ Bxd6 14. Qxd5
exd5 15. exd6+ Kd8 16. Bg5+ Kc8 17. dxc7 Kxc7 18. Re7 Rhf8 19. Rae1 Kc6 20. Be3
Rae8 21. Bxa7 Rxe7 22. Rxe7 Kd6 23. Re1 Rc8 24. Rc1 Nf8 25. Be3 Ne6 26. c3 f5
27. Kf1 Ra8 28. a3 Ra4 29. f3 g5 30. Rd1 h5 31. h3 g4 32. hxg4 hxg4 33. Bf2 gxf3
34. gxf3 Ra8 35. Rd2 Rh8 36. Bg1 Rh3 37. Bh2+ f4 38. Kg2 Rh8 39. Bg1 Rg8+ 40.
Kf2 Rg3 41. Bh2 Rh3 42. Kg2 Rh8 43. Re2 Rg8+ 44. Kf1 Rh8 45. Rg2 Rh3 46. Ke2 d4
47. cxd4 Nxd4+ 48. Kd3 Nxf3 49. Bxf4+ Kd5 50. Rg3 Rxg3 51. Bxg3 Nd4 52. Bf2 Nc6
53. Kc3 Kd6 54. Kb3 Kd5 55. a4 bxa4+ 56. Kxa4 Ne5 57. b3 Kc6 58. Ka5 Kb7 59. Kb5
Nc6 60. Bc5 Ne5 61. Bd4 Nc6 62. Bc3 Na7+ 63. Kc5 Nc6 64. Bd2 Ne5 65. Ba5 Nc6 66.
Bb6 Ne5 67. Kb5 Nc6 68. Be3 Ne5 69. Kc5 Nc6 70. Bd2 Ne5 71. b4 Nc6 72. b5 Na7
73. b6 Nc8 74. Ba5 Nxb6 75. Kd4 1/2-1/2

[Event "TCh-TUR 2011"]
[Site "Konya TUR"]
[Date "2011.07.02"]
[Round "6"]
[White "Olcum, Ahmet"]
[Black "Guven, Baris"]
[Result "1-0"]
[WhiteElo "1920"]
[BlackElo "1856"]
[WhiteTeam "Deniz Genclik S.K."]
[BlackTeam "Istanbul Teknik Universitesi S.K."]
[WhiteFideId "6311393"]
[BlackFideId "6317553"]
[EventDate "2011.06.28"]

1. e4 e5 2. Nc3 Nf6 3. g3 d5 4. exd5 Nxd5 5. Bg2 Nxc3 6. bxc3 Bc5 7. Ne2 Nc6 8.
Bb2 O-O 9. O-O Bg4 10. h3 Bxe2 11. Qxe2 Qg5 12. d3 Rad8 13. Rae1 f5 14. Bxc6
bxc6 15. Qxe5 Bd6 16. Qe6+ Kh8 17. h4 Qh5 18. Qe2 Qg6 19. Qf3 f4 20. g4 Qh6 21.
h5 Rf6 22. c4 Rff8 23. Be5 Rde8 24. Bxd6 Qxd6 25. Kg2 h6 26. Kg1 Rxe1 27. Rxe1
Qd4 28. Re6 Qa1+ 29. Kg2 c5 30. Rg6 Qe5 31. Ra6 Qg5 32. Rxa7 Re8 33. Ra8 Rxa8
34. Qxa8+ Kh7 35. Qe4+ Kg8 36. Qe8+ Kh7 37. Qg6+ 1-0

[Event "TCh-TUR 2011"]
[Site "Konya TUR"]
[Date "2011.07.02"]
[Round "6"]
[White "Yolal, Sena Gokcen"]
[Black "Abdimanoglu, Beste Basak"]
[Result "0-1"]
[WhiteElo "1653"]
[BlackElo "1751"]
[WhiteTeam "Istanbul Teknik Universitesi S.K."]
[BlackTeam "Deniz Genclik S.K."]
[WhiteFideId "6337031"]
[BlackFideId "6300286"]
[EventDate "2011.06.28"]

1. e4 c5 2. Nf3 d6 3. d4 cxd4 4. Nxd4 Nf6 5. Nc3 g6 6. Be3 Ng4 7. Bg5 h6 8. Bh4
Bg7 9. Bb5+ Bd7 10. Bxd7+ Qxd7 11. O-O O-O 12. Nb3 Ne5 13. Qe2 Na6 14. f4 Nc6
15. Rad1 Nc7 16. Bf2 Qe6 17. Nd4 Nxd4 18. Bxd4 b5 19. Bxg7 Kxg7 20. Nd5 Nxd5 21.
Rxd5 a6 22. Qf3 Qc8 23. c3 Qc4 24. b3 Qc7 25. f5 Kh7 26. Rd3 Rac8 27. Qg4 Qc5+
28. Kh1 Qe5 29. Rg3 g5 30. h4 Rg8 31. h5 Rxc3 32. Rxc3 Qxc3 33. Rf3 Qe1+ 34. Kh2
Rc8 35. Qg3 Rc1 36. Kh3 Qxe4 37. Qg4 Rh1+ 38. Kg3 Qe1+ 39. Rf2 Rf1 40. Qe2 Qxf2+
41. Qxf2 Rxf2 42. Kxf2 Kg7 43. Ke3 Kf6 44. Ke4 d5+ 0-1

[Event "TCh-TUR 2011"]
[Site "Konya TUR"]
[Date "2011.07.02"]
[Round "6"]
[White "Ererdem, Gani Eren"]
[Black "Sanal, Vahap"]
[Result "0-1"]
[BlackTitle "CM"]
[WhiteElo "1996"]
[BlackElo "2210"]
[WhiteTeam "Deniz Genclik S.K."]
[BlackTeam "Istanbul Teknik Universitesi S.K."]
[WhiteFideId "6310915"]
[BlackFideId "6300545"]
[EventDate "2011.06.28"]

1. d4 Nf6 2. Nc3 e6 3. e4 d5 4. e5 Nfd7 5. f4 c5 6. Nf3 Nc6 7. Be3 a6 8. Qd2
cxd4 9. Nxd4 Bc5 10. O-O-O O-O 11. Kb1 Nxd4 12. Bxd4 b5 13. g4 b4 14. Ne2 a5 15.
Bg2 Qb6 16. Rde1 Ba6 17. Bxc5 Qxc5 18. Nd4 Nb6 19. b3 Rac8 20. f5 Rfe8 21. f6
gxf6 22. exf6 Kh8 23. g5 e5 24. g6 fxg6 25. f7 Re7 26. Qf2 Nd7 27. Bh3 Rf8 28.
Qh4 Rfxf7 29. Bxd7 Qxd4 30. Qxd4 exd4 31. Be6 Rf2 32. Bxd5 Rxe1+ 33. Rxe1 d3 34.
cxd3 Bxd3+ 35. Kc1 Rxh2 36. Re3 Bf5 0-1

[Event "TCh-TUR 2011"]
[Site "Konya TUR"]
[Date "2011.07.02"]
[Round "6"]
[White "Ozturk, Hilal"]
[Black "Ustundag, Nefise Melis"]
[Result "1-0"]
[WhiteElo "1765"]
[BlackElo "1695"]
[WhiteTeam "Istanbul Teknik Universitesi S.K."]
[BlackTeam "Deniz Genclik S.K."]
[WhiteFideId "6315330"]
[BlackFideId "6325637"]
[EventDate "2011.06.28"]

1. e4 e5 2. Nf3 Nc6 3. Bb5 a6 4. Ba4 Bc5 5. O-O Nge7 6. Nxe5 Nxe5 7. d4 Nf3+ 8.
gxf3 Ba7 9. Nc3 Ng6 10. Nd5 c6 11. Nf4 Qf6 12. e5 Qf5 13. Ng2 b5 14. Bb3 c5 15.
Bd5 Rb8 16. Be4 Qh3 17. dxc5 Nxe5 18. b4 O-O 19. Bf4 Re8 20. Re1 Kh8 21. Bxe5
Rxe5 22. Qd6 Re8 23. Bf5 1-0

[Event "TCh-TUR 2011"]
[Site "Konya TUR"]
[Date "2011.07.02"]
[Round "6"]
[White "Esen, Baris"]
[Black "Agamaliev, Gamil"]
[Result "1/2-1/2"]
[WhiteTitle "GM"]
[BlackTitle "GM"]
[WhiteElo "2553"]
[BlackElo "2523"]
[WhiteTeam "Adana Truva Satranc S.K."]
[BlackTeam "Yapi Kredi Spor Kulubu"]
[WhiteFideId "6302114"]
[BlackFideId "13400215"]
[EventDate "2011.06.28"]

1. d4 Nf6 2. c4 g6 3. Nf3 Bg7 4. g3 O-O 5. Bg2 d5 6. O-O c6 7. Qb3 Qb6 8. Nc3
Bf5 9. cxd5 Qxb3 10. axb3 cxd5 11. Ne5 Nc6 12. Be3 Rfd8 13. Rfc1 Ne4 14. f4 Nxe5
15. fxe5 Nxc3 16. bxc3 f6 17. exf6 Bxf6 18. Ra5 Be6 19. Rca1 Rac8 20. Bd2 a6 21.
b4 Bf7 22. b5 axb5 23. Rxb5 e5 24. e3 Rc7 25. Rab1 Rdd7 26. Rb6 Kg7 27. R1b5 h5
28. Bf3 Bg8 29. Bd1 Bf7 30. Bb3 Bg8 31. Ra5 Bf7 32. Rbb5 Bg8 33. Ra8 Bf7 34. Rb8
Be6 35. Ra8 Bf7 36. Bd1 Bg8 37. Bb3 Bf7 38. Rb6 Bg8 39. Ra5 Bf7 40. Rbb5 Bg8 41.
Ra8 Bf7 42. Rb8 Be6 43. Ra8 Bf7 44. Kf2 h4 45. Raa5 hxg3+ 46. hxg3 Bg8 47. Ra1
Rc8 48. Kg2 Be6 49. Ra7 Rcc7 50. Bd1 Bf5 51. Bf3 exd4 52. exd4 Bxd4 53. cxd4 Rc2
54. Rbxb7 Rxd2+ 55. Kg1 Rxb7 56. Rxb7+ Kf6 57. Bxd5 Rxd4 1/2-1/2

[Event "TCh-TUR 2011"]
[Site "Konya TUR"]
[Date "2011.07.02"]
[Round "6"]
[White "Erdogdu, Mert"]
[Black "Kanmazalp, Ogulcan"]
[Result "0-1"]
[WhiteTitle "IM"]
[BlackTitle "IM"]
[WhiteElo "2434"]
[BlackElo "2404"]
[WhiteTeam "Adana Truva Satranc S.K."]
[BlackTeam "Yapi Kredi Spor Kulubu"]
[WhiteFideId "6301495"]
[BlackFideId "6304990"]
[EventDate "2011.06.28"]

1. e4 c5 2. Nf3 d6 3. d4 cxd4 4. Nxd4 Nf6 5. Nc3 g6 6. Be3 Bg7 7. f3 O-O 8. Qd2
Nc6 9. Bc4 Bd7 10. h4 h5 11. O-O-O Rc8 12. Bb3 Ne5 13. Bg5 Rc5 14. Kb1 b5 15. g4
a5 16. gxh5 Nxh5 17. Nd5 Re8 18. Nf4 Nxf4 19. Qxf4 Nc4 20. h5 f6 21. Bxf6 exf6
22. hxg6 Qe7 23. Rh7 Rg5 24. Nf5 Bxf5 25. exf5 d5 26. Bxc4 bxc4 27. Qh4 Qa7 28.
a3 c3 29. b3 a4 30. b4 Rg2 31. Qf4 Rxc2 32. Rdh1 Rb2+ 33. Ka1 Ra2+ 34. Kb1 Rg2
35. Rxg7+ Qxg7 36. Qd6 Rd2 37. Qc6 Qe7 38. Rc1 d4 39. f4 0-1

[Event "TCh-TUR 2011"]
[Site "Konya TUR"]
[Date "2011.07.02"]
[Round "6"]
[White "Vovk, Andrey"]
[Black "Kerigan, Demre"]
[Result "1-0"]
[WhiteTitle "GM"]
[WhiteElo "2545"]
[BlackElo "2134"]
[WhiteTeam "Adana Truva Satranc S.K."]
[BlackTeam "Yapi Kredi Spor Kulubu"]
[WhiteFideId "14114470"]
[BlackFideId "6307841"]
[EventDate "2011.06.28"]

1. e4 d6 2. d4 Nf6 3. Nc3 g6 4. Be3 Bg7 5. Qd2 c6 6. h3 b5 7. Bd3 Nbd7 8. Nf3 e5
9. dxe5 dxe5 10. a4 b4 11. Ne2 Qe7 12. Nc1 O-O 13. Nb3 a5 14. Qe2 Bb7 15. Nfd2
c5 16. O-O Rfc8 17. Bg5 h6 18. Bxf6 Nxf6 19. Nc4 Qc7 20. Rfd1 Nd7 21. Qe3 Nf8
22. Be2 Ne6 23. Bg4 Nd4 24. Bxc8 Bxc8 25. Rdc1 Bf6 26. Qe1 Bg5 27. Ne3 Ba6 28.
Kh1 c4 29. Nxd4 exd4 30. Nd5 Qe5 31. Rd1 d3 32. cxd3 cxd3 33. Rab1 Re8 34. f3
Kg7 35. Qf2 Bc4 36. Nb6 Ba6 37. Nd7 Qe7 38. Nc5 Bh4 39. Qg1 Bc4 40. Qd4+ Bf6 41.
Qxc4 Rc8 42. Rbc1 1-0

[Event "TCh-TUR 2011"]
[Site "Konya TUR"]
[Date "2011.07.02"]
[Round "6"]
[White "Yurtseven, Melih"]
[Black "Coban, Mete Sadik"]
[Result "1-0"]
[WhiteElo "2050"]
[BlackElo "1922"]
[WhiteTeam "Yapi Kredi Spor Kulubu"]
[BlackTeam "Adana Truva Satranc S.K."]
[WhiteFideId "6312160"]
[BlackFideId "6309615"]
[EventDate "2011.06.28"]

1. e4 c5 2. Nf3 d6 3. d4 cxd4 4. Nxd4 Nf6 5. Nc3 g6 6. Be3 Bg7 7. Bc4 Ng4 8.
Bb5+ Kf8 9. O-O a6 10. Be2 Nxe3 11. fxe3 Bh6 12. Bc4 Bxe3+ 13. Kh1 f6 14. e5 Kg7
15. exf6+ exf6 16. Nf3 b5 17. Qd5 Ra7 18. Rae1 Bf4 19. Qd4 Rc7 20. Qxf4 Rxc4 21.
Qe3 Nc6 22. Nd5 Bf5 23. Nd2 Rc5 24. Rxf5 gxf5 25. Nf4 Qd7 26. Qg3+ Kf7 27. Nh5
Rg8 28. Qxg8+ Kxg8 29. Nxf6+ Kf7 30. Nxd7 Rxc2 31. Nf3 Rxb2 32. h4 h6 33. Rd1
Ke7 34. Nb6 Rxa2 35. Nc8+ Kd7 36. Nxd6 Kc7 37. Nxf5 b4 38. Rc1 Kb6 39. N3d4 Nxd4
40. Nxd4 Rd2 41. Rc6+ Kb7 42. Rc4 a5 43. Nb3 Rd1+ 44. Kh2 Kb6 45. Rf4 Rd3 46.
Rf6+ Kb5 47. Rf5+ Kb6 48. Nxa5 Rc3 49. g3 Ka6 50. Kh3 Kb6 51. Kg4 Rc5 52. Rxc5
Kxc5 53. Kh5 Kb5 54. Nb3 Kc4 55. Nc1 1-0

[Event "TCh-TUR 2011"]
[Site "Konya TUR"]
[Date "2011.07.02"]
[Round "6"]
[White "Sop, Selen"]
[Black "Menzi, Nezihe Ezgi"]
[Result "1-0"]
[WhiteTitle "WCM"]
[WhiteElo "1995"]
[BlackElo "1868"]
[WhiteTeam "Adana Truva Satranc S.K."]
[BlackTeam "Yapi Kredi Spor Kulubu"]
[WhiteFideId "6300278"]
[BlackFideId "6310060"]
[EventDate "2011.06.28"]

1. e4 c5 2. Nf3 d6 3. d4 cxd4 4. Nxd4 Nf6 5. f3 g6 6. c4 Bg7 7. Nc3 O-O 8. Be2
Nc6 9. Nc2 Be6 10. Be3 Rc8 11. O-O Nd7 12. Qd2 Na5 13. b3 a6 14. Nd4 Nc6 15.
Rac1 Nc5 16. Nd5 Bd7 17. b4 Ne6 18. Nb3 Qe8 19. Nb6 Rc7 20. Rfd1 Bc8 21. b5 Ne5
22. f4 Nd7 23. Nd5 Rc5 24. f5 Rxd5 25. cxd5 Nec5 26. Nxc5 Nxc5 27. fxg6 Nxe4 28.
gxh7+ Kxh7 29. Qe1 f5 30. Rc7 Rf6 31. Qh4+ Kg8 32. Bd4 Rh6 33. Qxe7 Bxd4+ 34.
Rxd4 Qxe7 35. Rxe7 Nf6 36. Rc4 Bd7 37. Rc7 1-0

[Event "TCh-TUR 2011"]
[Site "Konya TUR"]
[Date "2011.07.02"]
[Round "6"]
[White "Arat, Ufuk Sezen"]
[Black "Yuksel, Atilla Koksal"]
[Result "1-0"]
[BlackTitle "CM"]
[WhiteElo "2053"]
[BlackElo "2035"]
[WhiteTeam "Yapi Kredi Spor Kulubu"]
[BlackTeam "Adana Truva Satranc S.K."]
[WhiteFideId "6309089"]
[BlackFideId "6306667"]
[EventDate "2011.06.28"]

1. e4 c5 2. Nc3 Nc6 3. g3 g6 4. Bg2 Bg7 5. d3 d6 6. Be3 e6 7. Qd2 b6 8. Nge2 Bb7
9. O-O Nge7 10. Bh6 O-O 11. Bxg7 Kxg7 12. d4 Ba6 13. Rfd1 Qc7 14. d5 exd5 15.
exd5 Ne5 16. Ne4 h6 17. f4 Nd7 18. c4 f5 19. Qc3+ Kh7 20. Nf2 b5 21. cxb5 Bxb5
22. Nd4 Qb7 23. Ne6 Rf7 24. Qa5 Qb6 25. Qxb6 axb6 26. Nc7 Ra5 27. Re1 Nf8 28.
Nd1 Nc8 29. Ne6 Bd7 30. Nd8 Rg7 31. Nc3 Ra7 32. Bf1 Kg8 33. Re3 Re7 34. Rxe7
Nxe7 35. Re1 Nc8 36. a3 Nh7 37. Nc6 Bxc6 38. dxc6 Nf6 39. Nb5 Rg7 40. Bc4+ d5
41. Bxd5+ Nxd5 42. Re8+ Kf7 43. Rxc8 Ne7 44. Rc7 Ke6 45. Rd7 Rg8 46. Rd6+ Kf7
47. c7 Rc8 48. Rd8 Ke6 49. h4 h5 50. Kf2 Kf6 51. Nd6 1-0

[Event "TCh-TUR 2011"]
[Site "Konya TUR"]
[Date "2011.07.02"]
[Round "6"]
[White "Mamedov, Nidjat"]
[Black "Arutinian, David"]
[Result "1/2-1/2"]
[WhiteTitle "GM"]
[BlackTitle "GM"]
[WhiteElo "2587"]
[BlackElo "2564"]
[WhiteTeam "Mersin Ezgi Satranc Kulubu"]
[BlackTeam "Yesilkoy Spor Kulubu"]
[WhiteFideId "13400819"]
[BlackFideId "13601741"]
[EventDate "2011.06.28"]

1. e4 c6 2. d4 d5 3. e5 c5 4. c4 cxd4 5. Nf3 Nc6 6. Nxd4 e6 7. Nc3 Bc5 8. Nb3
Bb4 9. cxd5 exd5 10. Bd2 d4 11. Nb5 Be7 12. Bf4 Bb4+ 13. Bd2 Be7 14. Bf4 Bb4+ 1/2-1/2

[Event "TCh-TUR 2011"]
[Site "Konya TUR"]
[Date "2011.07.02"]
[Round "6"]
[White "Sanikidze, Tornike"]
[Black "Mirzoev, Azer"]
[Result "1/2-1/2"]
[WhiteTitle "GM"]
[BlackTitle "GM"]
[WhiteElo "2524"]
[BlackElo "2481"]
[WhiteTeam "Yesilkoy Spor Kulubu"]
[BlackTeam "Mersin Ezgi Satranc Kulubu"]
[WhiteFideId "13602608"]
[BlackFideId "13400304"]
[EventDate "2011.06.28"]

1. d4 d5 2. Nf3 Nf6 3. c4 c6 4. cxd5 cxd5 5. Nc3 Nc6 6. Bf4 e6 7. e3 Bd6 8. Ne5
O-O 9. Bd3 Bxe5 10. Bxe5 Nxe5 11. dxe5 Nd7 12. f4 Qb6 13. Qd2 Nc5 14. Bc2 Bd7
15. O-O f5 16. exf6 Rxf6 17. f5 Rd8 18. Qd4 h6 19. fxe6 Rxf1+ 20. Rxf1 Bxe6 21.
b4 Ne4 22. Qxb6 axb6 23. Nxe4 dxe4 24. Bxe4 Bxa2 25. Bxb7 Rd2 26. Rf4 Re2 27.
Re4 Kf7 28. h3 Kf6 29. Bc6 Rd2 30. b5 Bd5 31. Rf4+ Ke7 32. Rg4 g5 33. h4 gxh4
34. Bxd5 Rxd5 35. Rxh4 h5 36. g4 1/2-1/2

[Event "TCh-TUR 2011"]
[Site "Konya TUR"]
[Date "2011.07.02"]
[Round "6"]
[White "Aydogdu, Erkmen"]
[Black "Bolat, Ahmet"]
[Result "0-1"]
[WhiteElo "2031"]
[BlackElo "2074"]
[WhiteTeam "Yesilkoy Spor Kulubu"]
[BlackTeam "Mersin Ezgi Satranc Kulubu"]
[WhiteFideId "6303064"]
[BlackFideId "6327923"]
[EventDate "2011.06.28"]

1. d4 Nf6 2. c4 e6 3. Nf3 b6 4. g3 Bb7 5. Bg2 Bb4+ 6. Bd2 Qe7 7. O-O Bxd2 8.
Nbxd2 O-O 9. Qc2 d6 10. e4 e5 11. d5 a5 12. Nb1 Nbd7 13. Nc3 c6 14. a3 Rfc8 15.
Nh4 cxd5 16. Nf5 Qf8 17. cxd5 g6 18. Ne3 Ba6 19. Rfc1 Nc5 20. b4 axb4 21. axb4
Bd3 22. Qd1 Rxa1 23. Rxa1 Ncxe4 24. Nxe4 Bxe4 25. f3 Qh6 26. Qb3 Bf5 27. Bf1 Qf8
28. Ra6 Qd8 29. Nxf5 gxf5 30. Qd3 e4 31. Qd4 exf3 32. Rxb6 Nxd5 33. Rb7 Nc3 34.
Kf2 Qe8 35. Bd3 Nd1+ 36. Kf1 Rc1 37. Qf4 Ne3+ 38. Kf2 Ng4+ 39. Kxf3 Ne3 40. Kf2
Ng4+ 41. Kf3 Qc6+ 42. Be4 Rc3+ 0-1

[Event "TCh-TUR 2011"]
[Site "Konya TUR"]
[Date "2011.07.02"]
[Round "6"]
[White "Sumer, Gun"]
[Black "Ergene, Mertcan"]
[Result "1/2-1/2"]
[WhiteElo "1828"]
[BlackElo "1731"]
[WhiteTeam "Mersin Ezgi Satranc Kulubu"]
[BlackTeam "Yesilkoy Spor Kulubu"]
[WhiteFideId "6311784"]
[BlackFideId "6342345"]
[EventDate "2011.06.28"]

1. e4 e6 2. d4 d5 3. Nc3 Nf6 4. Bg5 Be7 5. e5 Nfd7 6. Bxe7 Qxe7 7. f4 a6 8. Nf3
c5 9. Qd2 Nc6 10. Ne2 O-O 11. c3 f6 12. Ng3 b5 13. Bd3 f5 14. Rc1 c4 15. Bc2 b4
16. Ba4 Ndb8 17. Kf2 a5 18. h4 Bd7 19. h5 Nxe5 20. Nxe5 Bxa4 21. Qe2 Be8 22.
Rce1 Nd7 23. Nc6 Qd6 24. Qxe6+ Qxe6 25. Rxe6 bxc3 26. bxc3 Nf6 27. Ne7+ Kf7 28.
Re2 g6 29. hxg6+ hxg6 30. Rb1 Rd8 31. Rb6 Bd7 32. Rb7 Rb8 33. Ra7 Rfe8 34. Nxd5
Rxe2+ 35. Nxe2 Nxd5 36. Rxd7+ Ke6 37. Ra7 Rb2 38. Rxa5 Nxc3 39. Re5+ Kf6 40. Kf3
Nxa2 41. d5 c3 42. d6 Rd2 43. Ke3 Rxd6 44. Rc5 Re6+ 45. Kf3 Rb6 46. Ke3 Rb2 47.
Nxc3 Nxc3 48. Rxc3 Rxg2 49. Rc6+ Kg7 50. Kf3 Rd2 51. Rc3 Rh2 52. Kg3 Rh1 53. Ra3
Rg1+ 54. Kf3 Rf1+ 55. Kg3 Rc1 56. Rd3 Kh6 57. Rd8 Rc3+ 58. Kh4 Rf3 59. Rd4 Kg7
60. Ra4 Kf7 61. Ra7+ Ke6 62. Ra6+ Kd5 63. Rxg6 Ke4 64. Ra6 Kxf4 65. Ra4+ Ke3 66.
Ra3+ Kf2 67. Ra2+ Ke3 68. Ra3+ Ke4 69. Ra4+ Kd5 70. Ra5+ Kc6 71. Kg5 f4 72. Rf5 1/2-1/2

[Event "TCh-TUR 2011"]
[Site "Konya TUR"]
[Date "2011.07.02"]
[Round "6"]
[White "Sevgi, Volkan"]
[Black "Deviren, Erdi"]
[Result "1-0"]
[WhiteElo "1912"]
[BlackElo "1927"]
[WhiteTeam "Mersin Ezgi Satranc Kulubu"]
[BlackTeam "Yesilkoy Spor Kulubu"]
[WhiteFideId "6325335"]
[BlackFideId "6319831"]
[EventDate "2011.06.28"]

1. e4 e5 2. Nc3 Nc6 3. g3 Bc5 4. Bg2 d6 5. Nge2 Be6 6. O-O Qd7 7. Kh1 Bh3 8. f4
Bxg2+ 9. Kxg2 g6 10. Nd5 O-O-O 11. c3 h5 12. b4 Bb6 13. h4 Nce7 14. c4 Nxd5 15.
cxd5 Nh6 16. a4 a6 17. a5 Ba7 18. Bb2 Rde8 19. Rf3 f5 20. fxe5 fxe4 21. Rf1 dxe5
22. Nc3 Ng4 23. Qe2 e3 24. Rae1 g5 25. Ne4 Qxd5 26. d3 gxh4 27. Rc1 Re7 28. b5
axb5 29. Ba3 Rg7 30. Qf3 Qd7 31. Nd6+ Kd8 32. Nxb7+ Kc8 33. Nd6+ Kd8 34. Qa8+
Ke7 35. Qxh8 Ke6 36. Qe8+ Kd5 37. Qh8 Ke6 38. Qe8+ Kd5 39. Qxd7 Rxd7 40. Nxb5 e2
41. Rfe1 Bf2 42. Rxe2 hxg3 43. Nxc7+ Kd4 44. Re4+ Kxd3 45. Rxg4 hxg4 46. Rd1+ 1-0

[Event "TCh-TUR 2011"]
[Site "Konya TUR"]
[Date "2011.07.02"]
[Round "6"]
[White "Tandogan, Buket"]
[Black "Vatansever, Buse"]
[Result "1/2-1/2"]
[WhiteElo "1548"]
[BlackElo "1585"]
[WhiteTeam "Yesilkoy Spor Kulubu"]
[BlackTeam "Mersin Ezgi Satranc Kulubu"]
[WhiteFideId "6321070"]
[BlackFideId "6324746"]
[EventDate "2011.06.28"]

1. e4 c6 2. d4 d5 3. Nc3 dxe4 4. Nxe4 Bf5 5. Ng3 Bg6 6. h4 h6 7. Nf3 Nd7 8. h5
Bh7 9. Bd3 Bxd3 10. Qxd3 Ngf6 11. Bf4 Qa5+ 12. Bd2 Qc7 13. O-O-O e6 14. Ne4
O-O-O 15. g3 Nxe4 16. Qxe4 Bd6 17. c4 c5 18. Bc3 cxd4 19. Qxd4 Nb6 20. Kb1 Rhg8
21. Qe4 Na4 22. Be5 Qb6 23. Qc2 Nc5 24. Bxd6 Rxd6 25. Rxd6 Qxd6 26. Rd1 Qc7 27.
b3 Nd7 28. Nd4 a6 29. Qe2 Qe5 30. Qxe5 Nxe5 31. Ne2 Ng4 32. f3 Ne5 33. Nd4 Rd8
34. Kc2 Nc6 35. Nxc6 bxc6 36. Rxd8+ Kxd8 37. Kd3 c5 38. a3 a5 39. b4 axb4 40.
axb4 cxb4 41. c5 Kc7 42. Kc4 Kc6 43. Kxb4 g6 44. hxg6 fxg6 45. f4 h5 46. Kc4 e5
47. fxe5 g5 48. Kd4 h4 49. gxh4 gxh4 50. Ke4 1/2-1/2

[Event "TCh-TUR 2011"]
[Site "Konya TUR"]
[Date "2011.07.02"]
[Round "6"]
[White "Karakehajov, Kalin"]
[Black "Paichadze, Luka"]
[Result "1-0"]
[WhiteTitle "IM"]
[BlackTitle "IM"]
[WhiteElo "2493"]
[BlackElo "2489"]
[WhiteTeam "Bursa Tophane Meslek Lisesi S.K."]
[BlackTeam "Tarsus Zeka Satranc S.K."]
[WhiteFideId "2906430"]
[BlackFideId "13602934"]
[EventDate "2011.06.28"]

1. e4 c6 2. d4 d5 3. exd5 cxd5 4. c3 Nc6 5. Nf3 Bf5 6. Bf4 e6 7. Nbd2 Bd6 8.
Bxd6 Qxd6 9. Be2 Nf6 10. O-O O-O 11. Nh4 Be4 12. f3 Bg6 13. Nxg6 hxg6 14. f4
Rab8 15. Bd3 b5 16. b4 Ne7 17. Nb3 Nf5 18. Qe2 Qc6 19. Nc5 Nd6 20. Rac1 a5 21.
g4 Nfe4 22. g5 f5 23. gxf6 Rxf6 24. Bxe4 dxe4 25. bxa5 Rbf8 26. a6 R8f7 27. a4
bxa4 28. Rb1 Kh7 29. Qg2 g5 30. fxg5 Rxf1+ 31. Rxf1 Rxf1+ 32. Qxf1 a3 33. Qh3+
Kg6 34. Qxe6+ Kh5 35. a7 e3 36. Qh3+ Kg6 37. Qxe3 Nb5 38. Qd3+ Kh5 39. Qe2+ Kh4
40. h3 Kxh3 41. Ne4 Kh4 42. Qf3 Qc8 43. a8=Q 1-0

[Event "TCh-TUR 2011"]
[Site "Konya TUR"]
[Date "2011.07.02"]
[Round "6"]
[White "Arduman, Can"]
[Black "Gurcan, Selim"]
[Result "0-1"]
[WhiteTitle "IM"]
[BlackTitle "FM"]
[WhiteElo "2349"]
[BlackElo "2240"]
[WhiteTeam "Tarsus Zeka Satranc S.K."]
[BlackTeam "Bursa Tophane Meslek Lisesi S.K."]
[WhiteFideId "6300022"]
[BlackFideId "6300383"]
[EventDate "2011.06.28"]

1. d4 e6 2. c4 b6 3. a3 Bb7 4. Nc3 f5 5. d5 Be7 6. g3 Bf6 7. Bd2 Ne7 8. Bg2 Nc8
9. Rc1 Nd6 10. b3 Na6 11. Nh3 O-O 12. O-O Nc5 13. Be3 Nce4 14. Nxe4 Nxe4 15. f3
Nd6 16. dxe6 dxe6 17. c5 Nb5 18. a4 Nc3 19. Qc2 Ba6 20. Rfe1 Qe7 21. b4 Nd5 22.
Bf2 Bc3 23. b5 Bxe1 24. Rxe1 Bb7 25. c6 Bc8 26. e4 fxe4 27. fxe4 Nf6 28. Nf4 Ng4
29. Bd4 e5 30. Nd5 Qd6 31. Ba1 Be6 32. h3 Nf2 33. g4 Rf7 34. Qc3 Raf8 35. Re2
Nxe4 36. Bxe4 Bxd5 37. Rd2 Bxe4 38. Rxd6 Rf1+ 39. Kh2 R1f2+ 40. Kg3 R2f3+ 41.
Kh4 Rxc3 42. Rd7 Rd3 0-1